000 00446nam a22001817a 4500
003 MPLRDC
005 20220104125717.0
008 210129b ||||| |||| 00| 0 eng d
020 _a7-5359-0302-9
082 _a929.92 GDKJ
100 _a本书编写组编
245 _a中国园林优秀设计集. 一
_c
250 _a一版一刷
260 _a
_b广东科技出版社
_c1989
300 _b
650 _a
942 _cBK
_o929.92 GDKJ
999 _c29519
_d29509